00285nam a2200121Ia 4500008004100000082001500041100001700056245002600073250000800099260004000107300000800147650000800155191201s2009 xx 000 0 und d a338.5bJHM aJHINGAN, M.L 0aModern Microeconomics aRev aN. DelhibVrinda Publicationsc2009 a808 aMBA